[Event "Arco op 45th"]
[Site "Arco"]
[Date "2023.10.14"]
[Round "8"]
[White "Molnar, Bela"]
[Black "Lortkipanidze, Nodar"]
[Result "1/2-1/2"]
[WhiteElo "2298"]
[BlackElo "2392"]
[PlyCount "120"]
[EventDate "2023.10.07"]
[EventType "swiss"]
[EventRounds "9"]
[EventCountry "ITA"]
[SourceTitle "Mega2024 Update 01"]
[Source "Chessbase"]
[SourceDate "2023.11.12"]
[SourceVersion "1"]
[SourceVersionDate "2023.11.12"]
[SourceQuality "1"]

1. e4 e5 2. Bc4 Nf6 3. d4 exd4 4. Nf3 Nc6 5. e5 d5 6. Bb5 Nd7 7. 0-0 Be7 8. Re1 0-0 9. Bf4 Ndb8 10. c3 dxc3 11. Nxc3 Be6 12. a3 a6 13. Ba4 b5 14. Bc2 b4 15. Ne2 bxa3 16. bxa3 Na5 17. Qd3 g6 18. Ba4 c6 19. Bh6 Re8 20. Ned4 Nd7 21. Bxc6 Rc8 22. Rec1 Nc5 23. Rxc5 Bxc5 24. Bxe8 Qxe8 25. Qxa6 Ra8 26. Qd3 Nc4 27. h4 Qb8 28. h5 Qb2 29. Rb1 Qxa3 30. Qxa3 Nxa3 31. Rb7 Bc8 32. Rc7 Bxd4 33. Nxd4 Nc4 34. Nc6 Be6 35. Ne7+ Kh8 36. Bg5 Kg7 37. h6+ Kf8 38. Nc6 Rc8 39. Rxc8+ Bxc8 40. Bf6 Nd2 41. Nd4 Ne4 42. f3 Nc5 43. Kf2 Bd7 44. Ke3 Ne6 45. Nc2 Bb5 46. g4 d4+ 47. Nxd4 Nxd4 48. Kxd4 Bc6 49. Ke3 Bb7 50. Kf4 Bc6 51. Kg3 Bb7 52. f4 Bc8 53. Kh4 Bd7 54. Kg5 Kg8 55. f5 gxf5 56. gxf5 Bc8 57. Be7 Bd7 58. Kf6 Bc8 59. Bc5 Bd7 60. e6 Bxe6 1/2-1/2

[Event "Arco op 45th"]
[Site "Arco"]
[Date "2023.10.13"]
[Round "7"]
[White "Molnar, Bela"]
[Black "Rempe, Jonas"]
[Result "1-0"]
[WhiteElo "2298"]
[BlackElo "2040"]
[PlyCount "25"]
[EventDate "2023.10.07"]
[EventType "swiss"]
[EventRounds "9"]
[EventCountry "ITA"]
[SourceTitle "Mega2024 Update 01"]
[Source "Chessbase"]
[SourceDate "2023.11.12"]
[SourceVersion "1"]
[SourceVersionDate "2023.11.12"]
[SourceQuality "1"]

1. e4 e5 2. Nc3 Nf6 3. f4 d5 4. fxe5 Nxe4 5. Qf3 Nxc3 6. dxc3 Bc5 7. Qg3 Kf8 8. Bf4 Bxg1 9. Rxg1 Be6 10. 0-0-0 c5 11. Bc4 Na6 12. a3 Nc7 13. Bxd5 1-0

[Event "Arco op 45th"]
[Site "Arco"]
[Date "2023.10.10"]
[Round "4"]
[White "Pap, Gyula"]
[Black "Molnar, Bela"]
[Result "1-0"]
[WhiteElo "2444"]
[BlackElo "2298"]
[PlyCount "53"]
[EventDate "2023.10.07"]
[EventType "swiss"]
[EventRounds "9"]
[EventCountry "ITA"]
[SourceTitle "Mega2024 Update 01"]
[Source "Chessbase"]
[SourceDate "2023.11.12"]
[SourceVersion "1"]
[SourceVersionDate "2023.11.12"]
[SourceQuality "1"]

1. e4 c5 2. Nf3 d6 3. c3 Nf6 4. h3 g6 5. Bd3 Bg7 6. Bc2 0-0 7. d4 cxd4 8. cxd4 d5 9. e5 Ne4 10. 0-0 Nc6 11. Nbd2 Bf5 12. Re1 Nxd2 13. Bxd2 Bxc2 14. Qxc2 Qb6 15. Bc3 f6 16. exf6 Bxf6 17. Re6 Rac8 18. Rae1 Rf7 19. h4 Rcf8 20. Qd3 Qc7 21. Bd2 Bg7 22. Bg5 Rxf3 23. gxf3 Nxd4 24. Rxe7 Nxf3+ 25. Kf1 Qh2 26. Rxg7+ Kxg7 27. Re7+ 1-0

[Event "Arco op 45th"]
[Site "Arco"]
[Date "2023.10.08"]
[Round "2"]
[White "Bellincampi, Stefano"]
[Black "Molnar, Bela"]
[Result "0-1"]
[WhiteElo "1980"]
[BlackElo "2298"]
[PlyCount "68"]
[EventDate "2023.10.07"]
[EventType "swiss"]
[EventRounds "9"]
[EventCountry "ITA"]
[SourceTitle "Mega2024 Update 01"]
[Source "Chessbase"]
[SourceDate "2023.11.12"]
[SourceVersion "1"]
[SourceVersionDate "2023.11.12"]
[SourceQuality "1"]

1. e4 e6 2. d4 d5 3. Nd2 h6 4. Bd3 c5 5. dxc5 Bxc5 6. Ngf3 Nc6 7. Qe2 Nge7 8. c3 0-0 9. 0-0 a5 10. a4 Qb6 11. Bc2 Qc7 12. Nb3 Bd6 13. h3 e5 14. exd5 Nxd5 15. Qe4 Nf6 16. Qh4 Be7 17. Bxh6 gxh6 18. Qxh6 e4 19. g4 Re8 20. Ng5 Qf4 21. Bxe4 Bd6 22. Bh7+ Nxh7 23. Qxh7+ Kf8 24. Qh8+ Ke7 25. Rfe1+ Ne5 26. Qh6 Bxg4 27. Nxf7 Qxf7 28. hxg4 Kd7 29. Red1 Qxf2+ 30. Kxf2 Nxg4+ 31. Kf1 Nxh6 32. Nc5+ Kc6 33. Nd3 Re3 34. b4 Rf8+ 0-1

[Event "HUN-chT 1920"]
[Site "Hungary"]
[Date "2020.09.13"]
[Round "9.11"]
[White "Krutti, Valer"]
[Black "Molnar, Bela"]
[Result "1/2-1/2"]
[WhiteElo "2299"]
[BlackElo "2306"]
[PlyCount "24"]
[EventDate "2019.11.16"]
[EventType "team-tourn"]
[EventRounds "9"]
[EventCountry "HUN"]
[SourceTitle "EXT 2021"]
[Source "ChessBase"]
[SourceDate "2020.10.23"]
[SourceVersion "1"]
[SourceVersionDate "2020.10.23"]
[SourceQuality "1"]
[WhiteTeam "Aquaprofit"]
[BlackTeam "Paks"]
[WhiteTeamCountry "HUN"]
[BlackTeamCountry "HUN"]

1. d4 d6 2. c4 e5 3. Nf3 Nd7 4. Nc3 g6 5. e4 Bg7 6. Be2 Ngf6 7. 0-0 0-0 8. Be3 Ng4 9. Bg5 f6 10. Bc1 Nh6 11. Be3 Ng4 12. Bc1 Nh6 1/2-1/2

[Event "HUN-ch rapid"]
[Site "Ajka"]
[Date "2020.07.18"]
[Round "6"]
[White "Molnar, Bela"]
[Black "Kovacsy, Barnabas"]
[Result "0-1"]
[WhiteElo "2307"]
[BlackElo "2143"]
[PlyCount "62"]
[EventDate "2020.07.17"]
[EventType "swiss (rapid)"]
[EventRounds "13"]
[EventCountry "HUN"]
[SourceTitle "CBM 197 Extra"]
[Source "ChessBase"]
[SourceDate "2020.09.30"]
[SourceVersion "1"]
[SourceVersionDate "2020.09.30"]
[SourceQuality "1"]

1. e4 c5 2. Nc3 Nc6 3. Bb5 Nd4 4. Nf3 e6 5. Nxd4 cxd4 6. Ne2 Qg5 7. a4 Qxg2 8. Ng3 Qh3 9. c3 Bc5 10. b4 Bd6 11. Qe2 Be5 12. cxd4 Bxd4 13. Ra3 Qh4 14. Qc4 Be5 15. a5 Nf6 16. Re3 0-0 17. d4 Bf4 18. Re2 d5 19. Qc2 Bxc1 20. Qxc1 Nxe4 21. Nxe4 dxe4 22. Qc2 Qe7 23. Qc3 Bd7 24. Bxd7 Qxd7 25. Rg1 Rac8 26. Qd2 f5 27. Re3 Qc7 28. Kd1 Qc6 29. Reg3 Rc7 30. Qb2 Qd5 31. Qd2 Rd8 0-1

[Event "HUN-ch rapid"]
[Site "Ajka"]
[Date "2020.07.17"]
[Round "2"]
[White "Molnar, Bela"]
[Black "Acs, Marton"]
[Result "0-1"]
[WhiteElo "2307"]
[BlackElo "2167"]
[PlyCount "82"]
[EventDate "2020.07.17"]
[EventType "swiss (rapid)"]
[EventRounds "13"]
[EventCountry "HUN"]
[SourceTitle "CBM 197 Extra"]
[Source "ChessBase"]
[SourceDate "2020.09.30"]
[SourceVersion "1"]
[SourceVersionDate "2020.09.30"]
[SourceQuality "1"]

1. e4 e5 2. Bc4 Nf6 3. d4 Nxe4 4. dxe5 Nc5 5. Nf3 Be7 6. Nc3 0-0 7. Nd5 d6 8. Nxe7+ Qxe7 9. Bg5 Qe8 10. Be3 Be6 11. Qe2 Ne4 12. Bd3 d5 13. Nd4 Nd7 14. f4 Ndc5 15. 0-0 f5 16. b4 Na4 17. Qe1 Nb6 18. a4 Nc4 19. a5 c6 20. Rf3 Qf7 21. a6 Rfe8 22. Qe2 Nxe3 23. Qxe3 Qd7 24. axb7 Qxb7 25. c3 Qb6 26. Ra6 Qb7 27. Rxc6 Bd7 28. Ra6 Rac8 29. Ra3 Nxc3 30. Bxf5 Nb5 31. Nxb5 Qxb5 32. Bxd7 Qxd7 33. Rxa7 Qb5 34. e6 Qxb4 35. Rxg7+ Kh8 36. h4 Qe4 37. Rfg3 Qxe3+ 38. Rxe3 Kxg7 39. f5 Kf6 40. g4 Rc4 41. Rg3 h5 0-1

[Event "HUN-ch rapid"]
[Site "Ajka"]
[Date "2020.07.17"]
[Round "4"]
[White "Molnar, Bela"]
[Black "Frink, Ferenc"]
[Result "0-1"]
[WhiteElo "2307"]
[BlackElo "2075"]
[PlyCount "60"]
[EventDate "2020.07.17"]
[EventType "swiss (rapid)"]
[EventRounds "13"]
[EventCountry "HUN"]
[SourceTitle "CBM 197 Extra"]
[Source "ChessBase"]
[SourceDate "2020.09.30"]
[SourceVersion "1"]
[SourceVersionDate "2020.09.30"]
[SourceQuality "1"]

1. e4 Nc6 2. d4 e5 3. Nf3 exd4 4. Bc4 Bc5 5. c3 d3 6. b4 Bb6 7. 0-0 d6 8. Qxd3 Nf6 9. Bg5 h6 10. Bh4 0-0 11. Nbd2 Ne5 12. Nxe5 dxe5 13. Qc2 Qe7 14. Nb3 Be6 15. Qe2 Rad8 16. a4 a6 17. Rad1 g5 18. Bxe6 Qxe6 19. Bxg5 hxg5 20. Nd2 Qg4 21. Qc4 Rd7 22. h3 Qf4 23. a5 Ba7 24. Nf3 Rxd1 25. Rxd1 Nxe4 26. Qxc7 Nxf2 27. Rf1 Ne4+ 28. Nd4 Qe3+ 29. Kh2 exd4 30. Rf3 Qxf3 0-1

[Event "Graz op-A"]
[Site "Graz"]
[Date "2020.02.19"]
[Round "7"]
[White "Konyves, Almos"]
[Black "Molnar, Bela"]
[Result "0-1"]
[WhiteElo "2031"]
[BlackElo "2312"]
[PlyCount "90"]
[EventDate "2020.02.14"]
[EventType "swiss"]
[EventRounds "9"]
[EventCountry "AUT"]
[SourceTitle "CBM 195 Extra"]
[Source "ChessBase"]
[SourceDate "2020.05.31"]
[SourceVersion "1"]
[SourceVersionDate "2020.05.31"]
[SourceQuality "1"]

1. e4 c5 2. Nf3 Nc6 3. Nc3 e6 4. Be2 a6 5. a4 Nf6 6. 0-0 Qc7 7. Re1 d6 8. d3 Rb8 9. Bf1 b5 10. axb5 axb5 11. h3 Be7 12. Bf4 b4 13. Nb1 e5 14. Bh2 0-0 15. Nbd2 h6 16. Nc4 Be6 17. Nfd2 Ra8 18. c3 Nd7 19. Ne3 bxc3 20. bxc3 Bg5 21. Ndc4 g6 22. g3 h5 23. f4 Bh6 24. f5 Bxc4 25. Nxc4 Nb6 26. Qb3 Nxc4 27. Qxc4 Na5 28. Qa2 Kg7 29. c4 Ra7 30. g4 hxg4 31. hxg4 Nc6 32. Qf2 Bg5 33. Bg3 Nd4 34. Bg2 Rfa8 35. Rxa7 Qxa7 36. fxg6 f6 37. Bh4 Bf4 38. Bg3 Qa2 39. Bxf4 Qxf2+ 40. Kxf2 exf4 41. Rb1 Ra2+ 42. Kg1 f3 43. Bf1 Kxg6 44. Rb6 Kg5 45. Rxd6 Kf4 0-1

[Event "Graz op-A"]
[Site "Graz"]
[Date "2020.02.18"]
[Round "5"]
[White "Novikov, Stanislav"]
[Black "Molnar, Bela"]
[Result "1/2-1/2"]
[WhiteElo "2531"]
[BlackElo "2312"]
[PlyCount "135"]
[EventDate "2020.02.14"]
[EventType "swiss"]
[EventRounds "9"]
[EventCountry "AUT"]
[SourceTitle "CBM 195 Extra"]
[Source "ChessBase"]
[SourceDate "2020.05.31"]
[SourceVersion "1"]
[SourceVersionDate "2020.05.31"]
[SourceQuality "1"]

1. b3 e5 2. Bb2 Nc6 3. e3 g6 4. c4 Bg7 5. Nc3 Nge7 6. Nf3 0-0 7. a3 d5 8. cxd5 Nxd5 9. Qc2 Nb6 10. Be2 f5 11. d3 a5 12. 0-0 Be6 13. Nd2 Qe7 14. Bf3 Qc5 15. Rac1 Rad8 16. Rfd1 g5 17. Qb1 Qe7 18. Nc4 g4 19. Bxc6 Nxc4 20. dxc4 bxc6 21. Rxd8 Qxd8 22. Rd1 Qh4 23. Na4 Qe7 24. Qd3 Rb8 25. Qc3 Bf7 26. g3 Bf6 27. Kf1 h5 28. Ke1 Kg7 29. Kd2 c5 30. Kc2 Bg6 31. Kb1 Be8 32. Ka2 Bxa4 33. bxa4 Qe6 34. Rd5 Qb6 35. Qc2 c6 36. Rd7+ Kg6 37. e4 f4 38. gxf4 Qxb2+ 39. Qxb2 Rxb2+ 40. Kxb2 exf4+ 41. Kc2 Bd4 42. e5 h4 43. e6 g3 44. fxg3 fxg3 45. hxg3 hxg3 46. Rd8 Kf6 47. Rg8 Bf2 48. Kd3 Kxe6 49. Ke4 Kf7 50. Rg5 Kf6 51. Rg4 Be1 52. Kf3 Bf2 53. Re4 Kf7 54. Re2 Kf6 55. Re8 Kf5 56. Ra8 Ke5 57. Rxa5 Kd4 58. Ra6 Kxc4 59. Rxc6 Kb3 60. a5 c4 61. a6 c3 62. a4 c2 63. Rc7 Kb2 64. Rb7+ Ka2 65. Rc7 Kb2 66. Rb7+ Ka2 67. Rc7 Kb2 68. Rb7+ 1/2-1/2

[Event "Graz op-A"]
[Site "Graz"]
[Date "2020.02.16"]
[Round "3"]
[White "Gavrilescu, David"]
[Black "Molnar, Bela"]
[Result "1-0"]
[WhiteElo "2455"]
[BlackElo "2312"]
[PlyCount "65"]
[EventDate "2020.02.14"]
[EventType "swiss"]
[EventRounds "9"]
[EventCountry "AUT"]
[SourceTitle "CBM 195 Extra"]
[Source "ChessBase"]
[SourceDate "2020.05.31"]
[SourceVersion "1"]
[SourceVersionDate "2020.05.31"]
[SourceQuality "1"]

1. e4 c5 2. Nf3 e6 3. d4 cxd4 4. Nxd4 Nc6 5. Nc3 Qc7 6. Be3 a6 7. a3 Nf6 8. f4 d6 9. Qf3 Bd7 10. 0-0-0 Rc8 11. g4 Nxd4 12. Rxd4 d5 13. exd5 b5 14. Bd2 Bc5 15. Re4 0-0 16. Bd3 exd5 17. Ree1 b4 18. axb4 Bxg4 19. Qg3 Bxb4 20. Rhg1 d4 21. Nb1 Bxd2+ 22. Nxd2 g6 23. Qh4 Nd5 24. Qxg4 Ne3 25. Rxe3 dxe3 26. Nc4 Rfe8 27. Re1 Qc5 28. f5 Qb4 29. Rxe3 Red8 30. fxg6 hxg6 31. Bxg6 Rxc4 32. Bxf7+ Kxf7 33. Qf5+ 1-0

[Event "Arco op 41st"]
[Site "Arco"]
[Date "2019.10.09"]
[Round "6"]
[White "Kuhn, Tobias"]
[Black "Molnar, Bela"]
[Result "0-1"]
[WhiteElo "2234"]
[BlackElo "2305"]
[PlyCount "158"]
[EventDate "2019.10.04"]
[EventType "swiss"]
[EventRounds "9"]
[EventCountry "ITA"]
[SourceTitle "EXT 2020"]
[Source "ChessBase"]
[SourceDate "2019.10.17"]
[SourceVersion "1"]
[SourceVersionDate "2019.10.17"]
[SourceQuality "1"]

1. Nf3 Nf6 2. g3 g6 3. Bg2 Bg7 4. 0-0 0-0 5. d4 d6 6. b3 a5 7. a3 c5 8. Bb2 Ne4 9. Nbd2 Nxd2 10. Qxd2 Nc6 11. c4 Bg4 12. dxc5 Bxf3 13. Bxf3 dxc5 14. Qc2 Bxb2 15. Qxb2 Nd4 16. Bg2 Qb6 17. Rfb1 Rfd8 18. e3 Nc6 19. Qc3 Rd6 20. Rd1 Rad8 21. Bf3 f6 22. Rd5 Ne5 23. Be2 e6 24. Rxd6 Rxd6 25. f4 Nd7 26. Rd1 Rxd1+ 27. Bxd1 Qd6 28. Bf3 b6 29. Kf2 Kf7 30. Ke2 Ke7 31. Qc2 f5 32. h3 g5 33. Qc3 e5 34. Bd5 gxf4 35. exf4 Qh6 36. fxe5 Qxh3 37. Qe3 Qg4+ 38. Ke1 Qg7 39. e6 Ne5 40. Kf1 Ng4 41. Qf4 Qa1+ 42. Ke2 Qb2+ 43. Kf1 Qb1+ 44. Ke2 Qc2+ 45. Ke1 Qc3+ 46. Ke2 Qe5+ 47. Kf3 Nh2+ 48. Kg2 Qxf4 49. gxf4 Ng4 50. a4 Nf6 51. Kg3 Nh5+ 52. Kf3 Kf6 53. Ke3 Ke7 54. Kf3 h6 55. Ke3 Nf6 56. Kf3 Ng8 57. Kg3 Kf6 58. Kf3 Ne7 59. Kg3 Ng6 60. Kf3 h5 61. Kg3 h4+ 62. Kf3 Ke7 63. Ke3 h3 64. Kf3 h2 65. Kg3 Kf6 66. Bh1 Kxe6 67. Bd5+ Kf6 68. Bf3 Kg7 69. Bg2 Nf8 70. Bd5 Ne6 71. Bb7 Nd4 72. Kxh2 Ne2 73. Bf3 Nxf4 74. Kg3 Ne6 75. Bd1 Kf6 76. Kf3 Ke5 77. Ke3 Nd4 78. Kd3 f4 79. Kc3 f3 0-1

[Event "HUN-chT2 Charousek 1819"]
[Site "Hungary"]
[Date "2019.04.28"]
[Round "11.3"]
[White "Molnar, Bela"]
[Black "Szabo, Zsolt2222"]
[Result "1/2-1/2"]
[WhiteElo "2280"]
[BlackElo "2277"]
[PlyCount "80"]
[EventDate "2018.09.23"]
[EventType "team-tourn"]
[EventRounds "11"]
[EventCountry "HUN"]
[SourceTitle "EXT 2021"]
[Source "ChessBase"]
[SourceDate "2020.10.23"]
[SourceVersion "1"]
[SourceVersionDate "2020.10.23"]
[SourceQuality "1"]
[WhiteTeam "Paks ASE II"]
[BlackTeam "Budapest HASE"]
[WhiteTeamCountry "HUN"]
[BlackTeamCountry "HUN"]

1. e4 d6 2. d4 g6 3. c4 Bg7 4. Nc3 e5 5. Nge2 Nc6 6. Be3 f5 7. exf5 Bxf5 8. d5 Nce7 9. h3 Nf6 10. g4 Bd7 11. Bg2 0-0 12. Qd2 c6 13. Ng3 cxd5 14. cxd5 Rc8 15. Nge4 Nxe4 16. Bxe4 Qa5 17. 0-0 Rc4 18. f3 Rfc8 19. Rfc1 b5 20. a3 a6 21. Ne2 Qxd2 22. Bxd2 Rxc1+ 23. Rxc1 Kf7 24. Rd1 Ng8 25. Kf2 Nf6 26. Rc1 h5 27. Rxc8 Bxc8 28. Nc3 hxg4 29. hxg4 Bb7 30. Ke2 Nd7 31. Be3 Bf6 32. b4 Bd8 33. a4 bxa4 34. Nxa4 Nf6 35. Bg5 Bc7 36. Bxf6 Kxf6 37. Nb2 Bc8 38. Bd3 Bb7 39. Bc4 Bb6 40. Kd3 Bd4 1/2-1/2

[Event "HUN-chT2 Charousek 1819"]
[Site "Hungary"]
[Date "2019.03.31"]
[Round "10.3"]
[White "Jakab, Attila"]
[Black "Molnar, Bela"]
[Result "1/2-1/2"]
[WhiteElo "2368"]
[BlackElo "2280"]
[PlyCount "45"]
[EventDate "2018.09.23"]
[EventType "team-tourn"]
[EventRounds "11"]
[EventCountry "HUN"]
[SourceTitle "EXT 2021"]
[Source "ChessBase"]
[SourceDate "2020.10.23"]
[SourceVersion "1"]
[SourceVersionDate "2020.10.23"]
[SourceQuality "1"]
[WhiteTeam "Ajka Banyasz"]
[BlackTeam "Paks ASE II"]
[WhiteTeamCountry "HUN"]
[BlackTeamCountry "HUN"]

1. d4 d5 2. c4 c6 3. Nf3 Nf6 4. e3 e6 5. Nbd2 a6 6. b3 c5 7. Bd3 Nc6 8. Bb2 dxc4 9. bxc4 cxd4 10. exd4 Bc5 11. Nb3 Bb4+ 12. Nfd2 e5 13. d5 e4 14. Be2 Na5 15. 0-0 Nxb3 16. axb3 Bf5 17. Qc1 Rb8 18. Bc3 Nxd5 19. Bxb4 Nxb4 20. Qc3 Nc6 21. Qxg7 Qd4 22. Qg5 Bg6 23. Rfd1 1/2-1/2

[Event "Arco op 40th"]
[Site "Arco"]
[Date "2018.10.20"]
[Round "8"]
[White "Felgendreher, Heiko"]
[Black "Molnar, Bela"]
[Result "0-1"]
[WhiteElo "2234"]
[BlackElo "2285"]
[PlyCount "124"]
[EventDate "2018.10.13"]
[EventType "swiss"]
[EventRounds "9"]
[EventCountry "ITA"]
[SourceTitle "CBM 186 Extra"]
[Source "ChessBase"]
[SourceDate "2018.08.24"]
[SourceVersion "1"]
[SourceVersionDate "2018.08.24"]
[SourceQuality "1"]

1. e4 c5 2. Nf3 d6 3. d4 cxd4 4. Nxd4 Nf6 5. Nc3 g6 6. Be3 Bg7 7. f3 Nc6 8. Qd2 0-0 9. Bc4 Bd7 10. Bb3 Qa5 11. 0-0-0 Rfc8 12. Kb1 Ne5 13. h4 Nc4 14. Bxc4 Rxc4 15. Nb3 Qc7 16. Bg5 Be6 17. g4 a5 18. a4 Rb4 19. Rc1 Qc4 20. Bh6 b5 21. Bxg7 Kxg7 22. Nxb5 Rxb5 23. axb5 a4 24. Qd4 axb3 25. Qxc4 Bxc4 26. b6 Rb8 27. h5 g5 28. Rce1 e5 29. Re3 Rxb6 30. Rc1 d5 31. cxb3 d4 32. bxc4 dxe3 33. c5 Rb8 34. Kc2 Rb5 35. Kd3 Rxb2 36. c6 Rb8 37. Rc5 h6 38. Rxe5 Rb3+ 39. Ke2 Rc3 40. Rf5 Ne8 41. Rd5 Nc7 42. Rd3 Rxc6 43. Kxe3 Ne6 44. e5 Rc5 45. Ke4 Rc4+ 46. Ke3 Rc5 47. Ke4 Ra5 48. Rc3 Ra4+ 49. Ke3 Nf4 50. Rc8 Rb4 51. Ra8 Ne6 52. Ra5 Rc4 53. Ra8 Rf4 54. Ra6 Nd4 55. Rf6 Ne6 56. Rf5 Kf8 57. Kd3 Ke7 58. Ke3 Kd7 59. Kd3 Rxf5 60. gxf5 Nf4+ 61. Ke4 Nxh5 62. Kd5 Nf4+ 0-1

[Event "Arco op 40th"]
[Site "Arco"]
[Date "2018.10.19"]
[Round "7"]
[White "Molnar, Bela"]
[Black "Naumkin, Igor"]
[Result "1-0"]
[WhiteElo "2285"]
[BlackElo "2405"]
[PlyCount "49"]
[EventDate "2018.10.13"]
[EventType "swiss"]
[EventRounds "9"]
[EventCountry "ITA"]
[SourceTitle "CBM 186 Extra"]
[Source "ChessBase"]
[SourceDate "2018.08.24"]
[SourceVersion "1"]
[SourceVersionDate "2018.08.24"]
[SourceQuality "1"]

1. d4 Nf6 2. c4 e6 3. Nf3 b6 4. a3 Bb7 5. Nc3 d5 6. cxd5 exd5 7. Qa4+ c6 8. Bg5 Be7 9. e3 0-0 10. Rd1 Nbd7 11. Bd3 c5 12. Ne5 Nxe5 13. dxe5 Nh5 14. h4 d4 15. Be2 Qc7 16. exd4 Bxg5 17. hxg5 Nf4 18. Qc2 h6 19. Ne4 Nxg2+ 20. Kf1 Nf4 21. Nf6+ gxf6 22. Rxh6 Bg2+ 23. Ke1 Ng6 24. Bc4 Kg7 25. exf6+ 1-0

[Event "Arco op 40th"]
[Site "Arco"]
[Date "2018.10.16"]
[Round "4"]
[White "Molnar, Bela"]
[Black "Goerg, Joachim"]
[Result "1-0"]
[WhiteElo "2285"]
[BlackElo "2154"]
[PlyCount "72"]
[EventDate "2018.10.13"]
[EventType "swiss"]
[EventRounds "9"]
[EventCountry "ITA"]
[SourceTitle "CBM 186 Extra"]
[Source "ChessBase"]
[SourceDate "2018.08.24"]
[SourceVersion "1"]
[SourceVersionDate "2018.08.24"]
[SourceQuality "1"]

1. e4 c6 2. d4 d5 3. Nd2 dxe4 4. Nxe4 Nd7 5. Ng5 Ngf6 6. Bc4 e6 7. Qe2 Nb6 8. Bd3 h6 9. N5f3 c5 10. dxc5 Bxc5 11. Ne5 Qe7 12. Ngf3 Bd7 13. Bd2 Nbd5 14. c3 Bd6 15. a3 Rc8 16. c4 Nc7 17. 0-0 0-0 18. b4 b6 19. Nd4 Bxe5 20. Qxe5 Rfe8 21. Rfe1 Qd8 22. h3 Nh7 23. f4 f6 24. Qd6 Ba4 25. c5 Nf8 26. Rac1 e5 27. Bc4+ Kh8 28. fxe5 fxe5 29. Nf5 Qd7 30. Rf1 Rcd8 31. Bxh6 bxc5 32. bxc5 Nb5 33. Bxg7+ Qxg7 34. Nxg7 Nxd6 35. Nxe8 Nxe8 36. Rxf8+ Kh7 1-0

[Event "Arco op 40th"]
[Site "Arco"]
[Date "2018.10.14"]
[Round "2"]
[White "Molnar, Bela"]
[Black "Kierzek, Mira"]
[Result "1-0"]
[WhiteElo "2285"]
[BlackElo "2012"]
[PlyCount "82"]
[EventDate "2018.10.13"]
[EventType "swiss"]
[EventRounds "9"]
[EventCountry "ITA"]
[SourceTitle "CBM 186 Extra"]
[Source "ChessBase"]
[SourceDate "2018.08.24"]
[SourceVersion "1"]
[SourceVersionDate "2018.08.24"]
[SourceQuality "1"]

1. e4 e5 2. d4 exd4 3. c3 d3 4. c4 Nc6 5. Bxd3 Nf6 6. Nc3 Bc5 7. Bg5 h6 8. Bh4 0-0 9. Qd2 Ne5 10. Nf3 Ng6 11. Bg3 Nh5 12. 0-0-0 d6 13. e5 Nxg3 14. hxg3 Nxe5 15. Nxe5 dxe5 16. Rxh6 f5 17. Rg6 Kf7 18. Rg5 Be7 19. Rh5 e4 20. Nxe4 fxe4 21. Qf4+ Kg8 22. Qxe4 Bg5+ 23. f4 Bf5 24. Qf3 Bxd3 25. Rxd3 Bxf4+ 26. gxf4 Qf6 27. Qd5+ Qf7 28. g3 c6 29. Qxf7+ Rxf7 30. Re5 Rc8 31. Kd2 Rcf8 32. Ke3 g6 33. Rd6 Kg7 34. Ree6 Rf6 35. Rxf6 Rxf6 36. Rxf6 Kxf6 37. Ke4 b6 38. b4 a6 39. a4 Ke6 40. g4 Kf6 41. f5 Ke7 1-0

[Event "Arco op 40th"]
[Site "Arco"]
[Date "2018.10.13"]
[Round "1"]
[White "Cavatorta, Fosco"]
[Black "Molnar, Bela"]
[Result "0-1"]
[WhiteElo "1838"]
[BlackElo "2285"]
[PlyCount "68"]
[EventDate "2018.10.13"]
[EventType "swiss"]
[EventRounds "9"]
[EventCountry "ITA"]
[SourceTitle "CBM 186 Extra"]
[Source "ChessBase"]
[SourceDate "2018.08.24"]
[SourceVersion "1"]
[SourceVersionDate "2018.08.24"]
[SourceQuality "1"]

1. d4 Nf6 2. Nf3 e6 3. e3 c5 4. Bd3 Nc6 5. 0-0 a6 6. c4 d5 7. Re1 dxc4 8. Bxc4 b5 9. Bf1 Bb7 10. a4 b4 11. dxc5 Bxc5 12. Qc2 Qe7 13. Nbd2 Rc8 14. Nc4 e5 15. b3 e4 16. Nfd2 0-0 17. Bb2 Rfe8 18. Rad1 h5 19. Be2 h4 20. Bxf6 gxf6 21. Bg4 Ne5 22. Bxc8 Rxc8 23. Nxe4 Nxc4 24. Nxc5 Na3 25. Qd2 Rxc5 26. Rc1 h3 27. Rxc5 Qxc5 28. Rc1 Qg5 29. g3 Qd5 30. Rc8+ Kg7 31. Qxd5 Bxd5 32. Rb8 a5 33. Rd8 Bxb3 34. Rd4 Be6 0-1

[Event "HUN-chT2 Charousek 1819"]
[Site "Hungary"]
[Date "2018.09.23"]
[Round "1.5"]
[White "Molnar, Bela"]
[Black "Jakab, Bela"]
[Result "1-0"]
[WhiteElo "2280"]
[BlackElo "2311"]
[PlyCount "87"]
[EventDate "2018.09.23"]
[EventType "team-tourn"]
[EventRounds "11"]
[EventCountry "HUN"]
[SourceTitle "CBM 189 Extra"]
[Source "ChessBase"]
[SourceDate "2019.06.03"]
[SourceVersion "1"]
[SourceVersionDate "2019.06.03"]
[SourceQuality "1"]
[WhiteTeam "Paks ASE II"]
[BlackTeam "Gyor Szechenyi"]
[WhiteTeamCountry "HUN"]
[BlackTeamCountry "HUN"]

1. e4 e6 2. d4 d5 3. Nd2 c5 4. exd5 Qxd5 5. Ngf3 cxd4 6. Bc4 Qd6 7. 0-0 Nf6 8. Nb3 Nc6 9. Nbxd4 Nxd4 10. Nxd4 a6 11. Re1 Qc7 12. Qe2 Bd6 13. h3 b5 14. Bd3 Bb7 15. a4 b4 16. Bg5 Be7 17. Rad1 Rd8 18. Bxa6 Bd5 19. Bb5+ Kf8 20. Qe3 h6 21. Bf4 Qb7 22. Bf1 g5 23. Be5 Rg8 24. c4 bxc3 25. bxc3 Rc8 26. Rb1 Qa8 27. c4 Bb7 28. Nb5 Bc6 29. Nd6 Rd8 30. Red1 Bxa4 31. Rd2 Bc6 32. c5 Nd5 33. Qd3 Rg6 34. Qg3 Qa5 35. Rc2 Qa4 36. Bd3 f5 37. Rcb2 Qa3 38. Rb8 Qxc5 39. Rxd8+ Bxd8 40. Nb7 Qa7 41. Nxd8 Ba8 42. Bd6+ Ke8 43. Qe5 Qg7 44. Rb8 1-0

[Event "HUN-chT2 Charousek 1718"]
[Site "Hungary"]
[Date "2018.05.06"]
[Round "9.3"]
[White "Molnar, Bela"]
[Black "Ivan, Attila"]
[Result "1/2-1/2"]
[WhiteElo "2280"]
[BlackElo "2289"]
[PlyCount "72"]
[EventDate "2017.10.29"]
[EventType "team-tourn"]
[EventRounds "9"]
[EventCountry "HUN"]
[SourceTitle "EXT 2020"]
[Source "ChessBase"]
[SourceDate "2019.10.17"]
[SourceVersion "1"]
[SourceVersionDate "2019.10.17"]
[SourceQuality "1"]
[WhiteTeam "Paks ASE II"]
[BlackTeam "Komlo Banyasz"]
[WhiteTeamCountry "HUN"]
[BlackTeamCountry "HUN"]

1. e4 e5 2. Nf3 Nc6 3. Nc3 Be7 4. d4 d6 5. Bb5 exd4 6. Nxd4 Bd7 7. Nf5 Bf6 8. Nd5 a6 9. Ba4 Bxf5 10. exf5 Qd7 11. 0-0 0-0-0 12. Re1 Qxf5 13. Bxc6 bxc6 14. Ne3 Qc5 15. c4 Ne7 16. Rb1 Kb7 17. b4 Qd4 18. Qf3 Ng6 19. b5 Ne5 20. bxc6+ Ka8 21. Qd5 Qxd5 22. cxd5 Rb8 23. Bd2 Rxb1 24. Rxb1 Rb8 25. Rxb8+ Kxb8 26. Kf1 Bg5 27. Ke2 g6 28. g3 Bxe3 29. Bxe3 Nc4 30. Bd4 Nb6 31. Bxb6 cxb6 32. a4 Kc7 33. h4 Kd8 34. g4 Kc7 35. h5 Kd8 36. Ke3 Kc7 1/2-1/2